000 00911cab a2200277 4500
001 ABS49034
008 090401t1993 xxu||||| |||| 00| 0 eng d
035 _a(Sirsi) u69583
041 _aeng
100 _aHealey, P.
245 _aDevelopment impacts and obligations
260 _c1993
350 _a0
490 _aThe Planner
_v79(7) July 1993, 11-14(4)
520 _aSummarises conclusions from Rowntree Foundation-sponsored research into planning gain, distinguishing three rationales underlying the negotiation of agreements and quoting examples of development schemes under various authorities.
650 _aBATTERSEA POWER STATION
650 _aBISHOPS CLEEVE
650 _aHARLOW BUSINESS PARK
650 _aPLANNING AGREEMENTS
650 _aTEWKESBURY
690 _aPLANNING LAW AND PRACTICE
700 _aPurdue, M.
700 _aEnnis, F.
942 _n0
948 _c04/03/1997
999 _c43710
_d43710